|
|
|
|
| LEADER |
00000nam a22000007a 4500 |
| 005 |
20200714213942.0 |
| 007 |
cr|||| |||| |
| 008 |
200714s2015 br |||||s|||| 00||0 por d |
| 020 |
|
|
|a 978-85-8248-063-2
|
| 035 |
|
|
|a 31792
|
| 040 |
|
|
|a vLex
|
| 090 |
|
|
|c 10622
|d 10622
|
| 100 |
1 |
|
|a Ferreira Antunes, Juliana
|
| 245 |
1 |
0 |
|a 1® Coletńea Acadm̊ica da Associaȯ̂ de Ps̤-Graduandos em Direito da PUC-SP
|h [Recurso electrn̤ico] /
|c Juliana Ferreira Antunes, Rodrigo de Camargo Cavalcanti
|
| 256 |
|
|
|a Servicio en ln̕ea
|
| 260 |
|
|
|a San Pablo:
|b Letras Jurídicas Editora,
|c 2015
|
| 300 |
|
|
|a 1 recurso electrn̤ico
|
| 500 |
|
|
|a A Associaȯ̂ de Ps̤-Graduandos em Direito da Pontifc̕ia Universidade Catl̤ica de Sô Paulo (APGDireito/PUC-SP) nasceu com o intento de congregar esforȯs e atuar na PUC-SP em prol de uma substantiva promoȯ̂ da dinḿica polt̕ica e institucional, premente ̉consolidaȯ̂ do desenvolvimento individual e coletivo do corpo discente desta Universidade.
|
| 506 |
1 |
|
|a Disponible solo en los productos indicados
|d vLex Global
|d vLex Global (Academic Edition, excluding Law Schools)
|d vLex Global (U.S. Academic Edition, Law Schools)
|d vLex Global (U.S. Academic Edition, excluding Law Schools)
|d vLex Global (Academic Edition, Law Schools)
|
| 650 |
0 |
4 |
|a Derecho Pb︢lico y Administrativo
|z Brasil
|
| 650 |
0 |
4 |
|a Educacin̤
|z Brasil
|
| 700 |
1 |
|
|a Cavalcanti, Rodrigo de Camargo
|
| 740 |
0 |
|
|a vLex Libros (Servicio en ln̕ea)
|
| 856 |
4 |
0 |
|u http://vlex.com/source/1-colet-nea-acad-mica-da-associa-o-de-pos-graduandos-em-direito-da-puc-sp-31792
|z Acceso restringido
|
| 942 |
|
|
|c BOOK
|
| 999 |
0 |
|
|a Public and Administrative Law
|
| 999 |
0 |
|
|a Education
|